000 00518nam a22001937a 4500
999 _c7705
_d7705
003 OSt
005 20220217131607.0
008 220217b ||||| |||| 00| 0 eng d
020 _a9780135033739
040 _cDDC
082 _a631.42 SOI 2014
100 _aHavlin,John L et.al
_915735
245 _aSoil fertility and fertilizers :
_ban introduction to nutrient management
250 _a8th ed.
260 _aNewyork
_b: Pearson
_c, C 2014
300 _avii, 516p.
_c29 cm
504 _aIndex
942 _2ddc
_cBOOK